[Event "18th HZ Open 2014"]
[Site "Vlissingen NED"]
[Date "2014.08.06"]
[Round "6.32"]
[White "Provoost, S."]
[Black "Ratsma, Rosa"]
[Result "0-1"]
[WhiteElo "2260"]
[BlackElo "2035"]
[PlyCount "68"]
[EventDate "2014.08.02"]
[EventType "swiss"]
[EventRounds "9"]
[EventCountry "NED"]
[Source "Mark Crowther"]
[SourceDate "2014.08.11"]

1. d4 Nf6 2. Nf3 g6 3. Bf4 Bg7 4. e3 O-O 5. Be2 d6 6. h3 Nbd7 7. O-O Qe8 8. c4
e5 9. Bh2 b6 10. Nc3 Qe7 11. Rc1 Bb7 12. b4 Ne8 13. Qb3 Kh8 14. Rfd1 e4 15. Nd2
f5 16. c5 Ndf6 17. Rc2 g5 18. cxd6 cxd6 19. Rdc1 f4 20. Nb5 Bh6 21. Rc7 Nxc7
22. Rxc7 Qd8 23. Rxb7 a6 24. Nc3 fxe3 25. fxe3 g4 26. Ncxe4 Nxe4 27. Nxe4 Qc8
28. Rf7 Qc1+ 29. Bf1 Rxf7 30. Qxf7 Rf8 31. Qc4 Bxe3+ 32. Nf2 Bxf2+ 33. Kh1 Qxc4
34. Bxc4 g3 0-1

[Event "18th HZ Open 2014"]
[Site "Vlissingen NED"]
[Date "2014.08.06"]
[Round "6.33"]
[White "Krasenkova, I."]
[Black "Visser, HJ."]
[Result "0-1"]
[WhiteElo "2063"]
[BlackElo "2256"]
[PlyCount "70"]
[EventDate "2014.08.02"]
[EventType "swiss"]
[EventRounds "9"]
[EventCountry "NED"]
[Source "Mark Crowther"]
[SourceDate "2014.08.11"]

1. Nf3 Nf6 2. g3 b6 3. Bg2 Bb7 4. O-O c5 5. c4 g6 6. Nc3 Bg7 7. d3 O-O 8. Bg5
h6 9. Bd2 e6 10. e4 Nc6 11. Re1 d6 12. a3 Ne8 13. Rb1 Nc7 14. b4 Kh7 15. b5 Nd4
16. Nxd4 cxd4 17. Ne2 e5 18. a4 Ne6 19. a5 Rb8 20. Rf1 Nc5 21. Nc1 f5 22. exf5
gxf5 23. Qh5 Bxg2 24. Kxg2 d5 25. axb6 axb6 26. cxd5 Qxd5+ 27. f3 Qa8 28. Bb4
e4 29. Bxc5 bxc5 30. dxe4 fxe4 31. Qxc5 Rbc8 32. Qh5 Rc2+ 33. Kh1 exf3 34. h4
Qc8 35. g4 Qb7 0-1

[Event "18th HZ Open 2014"]
[Site "Vlissingen NED"]
[Date "2014.08.06"]
[Round "6.34"]
[White "Van den Berg, Ad"]
[Black "De Zwart, J."]
[Result "1-0"]
[WhiteElo "2235"]
[BlackElo "2005"]
[PlyCount "67"]
[EventDate "2014.08.02"]
[EventType "swiss"]
[EventRounds "9"]
[EventCountry "NED"]
[Source "Mark Crowther"]
[SourceDate "2014.08.11"]

1. e4 e5 2. Nf3 Nc6 3. Bb5 a6 4. Ba4 Nf6 5. d3 d6 6. c3 g6 7. Nbd2 Bg7 8. h3
O-O 9. g4 b5 10. Bb3 Na5 11. Bc2 Re8 12. b4 Nc6 13. a4 Rb8 14. axb5 axb5 15.
Bb3 Be6 16. Ra6 Rb6 17. Rxb6 cxb6 18. Bxe6 Rxe6 19. Qb3 d5 20. O-O Re7 21. g5
Nh5 22. exd5 Nb8 23. Ne4 Rd7 24. d6 Qc8 25. Qd5 Qc6 26. Qxc6 Nxc6 27. Be3 f5
28. gxf6 Nxf6 29. Nfg5 Ne8 30. Ra1 Bh6 31. Ra8 Bxg5 32. Rxe8+ Kf7 33. Rc8 Bxe3
34. Rxc6 1-0

[Event "18th HZ Open 2014"]
[Site "Vlissingen NED"]
[Date "2014.08.06"]
[Round "6.35"]
[White "Brookes, C."]
[Black "Tikranian, Alik"]
[Result "1-0"]
[WhiteElo "2231"]
[BlackElo "2008"]
[PlyCount "53"]
[EventDate "2014.08.02"]
[EventType "swiss"]
[EventRounds "9"]
[EventCountry "NED"]
[Source "Mark Crowther"]
[SourceDate "2014.08.11"]

1. c4 e5 2. g3 Nf6 3. Bg2 Nc6 4. Nc3 Bc5 5. d3 h6 6. Nf3 d6 7. O-O a6 8. a3 O-O
9. b4 Ba7 10. Bb2 Bd7 11. Nd2 Qc8 12. Rc1 Bh3 13. Nd5 Nxd5 14. cxd5 Bxg2 15.
Kxg2 Ne7 16. e4 Qd7 17. f4 exf4 18. gxf4 f5 19. Qf3 Rf7 20. Nc4 Ng6 21. Qg3 Kh7
22. h4 Rg8 23. Kh2 b5 24. e5 dxe5 25. h5 Nf8 26. Nxe5 Qxd5 27. Qg6+ 1-0

[Event "18th HZ Open 2014"]
[Site "Vlissingen NED"]
[Date "2014.08.06"]
[Round "6.36"]
[White "Van Rij, G."]
[Black "Michalczak, T."]
[Result "0-1"]
[WhiteElo "2006"]
[BlackElo "2230"]
[PlyCount "88"]
[EventDate "2014.08.02"]
[EventType "swiss"]
[EventRounds "9"]
[EventCountry "NED"]
[Source "Mark Crowther"]
[SourceDate "2014.08.11"]

1. d4 d5 2. c4 e6 3. Nc3 Nf6 4. cxd5 exd5 5. Bg5 Nbd7 6. e3 c6 7. Bd3 Be7 8.
Qc2 Nh5 9. Bxe7 Qxe7 10. Nge2 g6 11. Ng3 Ng7 12. O-O O-O 13. Rab1 Nb6 14. Na4
Nxa4 15. Qxa4 Bg4 16. b4 a6 17. Qc2 h5 18. h3 h4 19. Ne2 Bf5 20. a4 Bxd3 21.
Qxd3 b5 22. Rfc1 Rfc8 23. Qb3 Nf5 24. Nf4 Nd6 25. a5 Nc4 26. Qc3 Re8 27. Re1
Qg5 28. Qc1 Qf5 29. Qd1 g5 30. Nd3 Qg6 31. Nc5 Re7 32. Rb3 Kh7 33. Qd3 f5 34.
Kf1 Kh6 35. Re2 g4 36. hxg4 Qxg4 37. f3 Qg5 38. e4 fxe4 39. fxe4 Qc1+ 40. Re1
Nd2+ 41. Ke2 Nxb3 42. Qxb3 Qg5 43. e5 Qxg2+ 44. Kd1 Qg4+ 0-1

[Event "18th HZ Open 2014"]
[Site "Vlissingen NED"]
[Date "2014.08.06"]
[Round "6.37"]
[White "Senders, Justin"]
[Black "Grochal, J."]
[Result "0-1"]
[WhiteElo "1994"]
[BlackElo "2205"]
[PlyCount "78"]
[EventDate "2014.08.02"]
[EventType "swiss"]
[EventRounds "9"]
[EventCountry "NED"]
[Source "Mark Crowther"]
[SourceDate "2014.08.11"]

1. e4 c5 2. Nf3 e6 3. d4 cxd4 4. Nxd4 Nc6 5. Nc3 Qc7 6. Be3 a6 7. Qd2 Nf6 8.
O-O-O Be7 9. f3 h5 10. Kb1 d6 11. g3 Ne5 12. Qf2 b5 13. Rg1 b4 14. Nce2 d5 15.
exd5 Nxd5 16. Bc1 Bf6 17. Nf4 Nxf4 18. gxf4 Nc6 19. Nxc6 Qxc6 20. Bd3 Bb7 21.
Be4 Qb5 22. Bxb7 Qxb7 23. f5 Qc6 24. fxe6 fxe6 25. Qg3 O-O 26. Qg6 Rac8 27. Rg2
h4 28. Bh6 Rf7 29. Rgd2 Qxf3 30. Rd3 Qe2 31. Rd6 Rfc7 32. R6d2 Qe5 33. Rd4 Qf5
34. Qxf5 exf5 35. Bf4 Rxc2 36. Rxb4 Rf2 37. h3 a5 38. Be3 Re2 39. Rb3 a4 0-1

[Event "18th HZ Open 2014"]
[Site "Vlissingen NED"]
[Date "2014.08.06"]
[Round "6.38"]
[White "De Vleeschauwer, M."]
[Black "Van Osch, Mees"]
[Result "0-1"]
[WhiteElo "1989"]
[BlackElo "2200"]
[PlyCount "50"]
[EventDate "2014.08.02"]
[EventType "swiss"]
[EventRounds "9"]
[EventCountry "NED"]
[Source "Mark Crowther"]
[SourceDate "2014.08.11"]

1. e4 c5 2. d4 cxd4 3. c3 Nf6 4. e5 Nd5 5. Qxd4 e6 6. Nf3 Nc6 7. Qe4 f5 8. Qe2
Be7 9. g3 O-O 10. Bg2 b6 11. O-O a5 12. Rd1 Ba6 13. Qe1 b5 14. Nd4 Nxd4 15.
Rxd4 Bb7 16. Qd1 Qc7 17. Bf4 g5 18. Bxd5 Bxd5 19. Rxd5 exd5 20. Qxd5+ Kh8 21.
Be3 Qc6 22. Qxc6 dxc6 23. Nd2 Rad8 24. Nb3 f4 25. Bb6 Rb8 0-1

[Event "18th HZ Open 2014"]
[Site "Vlissingen NED"]
[Date "2014.08.06"]
[Round "6.39"]
[White "Blankert, Willem"]
[Black "Maris, Iv"]
[Result "0-1"]
[WhiteElo "1987"]
[BlackElo "2178"]
[PlyCount "126"]
[EventDate "2014.08.02"]
[EventType "swiss"]
[EventRounds "9"]
[EventCountry "NED"]
[Source "Mark Crowther"]
[SourceDate "2014.08.11"]

1. Nf3 Nf6 2. d4 e6 3. e3 b6 4. Bd3 Bb7 5. O-O d6 6. b3 g6 7. Bb2 Bg7 8. Nbd2
Nbd7 9. h3 O-O 10. Rc1 Qe7 11. e4 e5 12. Re1 exd4 13. Bxd4 Ne5 14. Nxe5 dxe5
15. Be3 Nd7 16. c4 Nc5 17. Bb1 Rad8 18. Qe2 f5 19. f3 a5 20. a3 f4 21. Bf2 Rxd2
22. Qxd2 Nxb3 23. Qb2 Nxc1 24. Rxc1 Bc6 25. Bd3 Rd8 26. Be2 Rb8 27. Qa2 Kh8 28.
a4 Qb4 29. c5 Qxa4 30. Qxa4 Bxa4 31. cxb6 cxb6 32. Bxb6 Rxb6 33. Rc8+ Bf8 34.
Rxf8+ Kg7 35. Ra8 Bb5 36. Bd1 Ra6 37. Rb8 Bc6 38. Be2 Ra7 39. Rb6 Be8 40. Bc4
a4 41. Rb2 a3 42. Ra2 Bf7 43. Bxf7 Kxf7 44. Kf2 Ke6 45. Ke2 Kd6 46. Kd3 Kc5 47.
Kc3 Ra8 48. Kb3 Kd4 49. Kc2 Kc4 50. h4 h5 51. Kb1 Kb3 52. Rd2 Rc8 53. Rd3+ Rc3
54. Rd2 Re3 55. Rd1 a2+ 56. Ka1 Rc3 57. g4 fxg3 58. f4 exf4 59. e5 Re3 60. e6
Kc2 61. Rd6 g2 62. Kxa2 g1=Q 63. e7 Qb1# 0-1

[Event "18th HZ Open 2014"]
[Site "Vlissingen NED"]
[Date "2014.08.06"]
[Round "6.40"]
[White "Goormachtigh, J."]
[Black "Dijkstra, A."]
[Result "0-1"]
[WhiteElo "2176"]
[BlackElo "1984"]
[PlyCount "62"]
[EventDate "2014.08.02"]
[EventType "swiss"]
[EventRounds "9"]
[EventCountry "NED"]
[Source "Mark Crowther"]
[SourceDate "2014.08.11"]

1. d4 Nf6 2. c4 e6 3. Nf3 c5 4. e3 cxd4 5. exd4 d5 6. Nc3 Bb4 7. Bd3 O-O 8. O-O
a6 9. cxd5 Nxd5 10. Bd2 Nc6 11. Rc1 Nxc3 12. bxc3 Ba3 13. Rb1 h6 14. Qe2 b5 15.
Qe4 f5 16. Qe2 Re8 17. c4 b4 18. Rfd1 Nxd4 19. Nxd4 Qxd4 20. Bxb4 Bxb4 21. Rxb4
Qc5 22. Qb2 e5 23. a3 Rd8 24. Be2 Rxd1+ 25. Bxd1 Be6 26. Be2 Rd8 27. Rb8 Rxb8
28. Qxb8+ Kh7 29. Qb4 Qd4 30. c5 Qa1+ 31. Bf1 Bd7 0-1

[Event "18th HZ Open 2014"]
[Site "Vlissingen NED"]
[Date "2014.08.06"]
[Round "6.41"]
[White "Lacrosse, M."]
[Black "De Hert, O."]
[Result "1-0"]
[WhiteElo "2174"]
[BlackElo "1967"]
[PlyCount "85"]
[EventDate "2014.08.02"]
[EventType "swiss"]
[EventRounds "9"]
[EventCountry "NED"]
[Source "Mark Crowther"]
[SourceDate "2014.08.11"]

1. d4 Nf6 2. c4 e6 3. Nf3 b6 4. a3 Ba6 5. Qc2 Bb7 6. Nc3 c5 7. e4 cxd4 8. Nxd4
Bc5 9. Nb3 Nc6 10. Qd3 O-O 11. Be2 h6 12. O-O e5 13. Be3 Bxe3 14. Qxe3 Qe7 15.
Rfd1 d6 16. Rac1 Rfd8 17. Rd2 Rac8 18. f3 Ba6 19. Rcd1 Nb8 20. Nd5 Nxd5 21.
cxd5 Bxe2 22. Qxe2 Rc7 23. Rc2 Rdc8 24. Rdc1 Qd8 25. Na1 Rxc2 26. Rxc2 Rxc2 27.
Qxc2 Na6 28. b4 Qc7 29. Qc6 Qxc6 30. dxc6 b5 31. Nc2 Kf8 32. Ne3 Ke8 33. Nf5
Nc7 34. Nxg7+ Ke7 35. Nf5+ Ke6 36. Nxh6 d5 37. Nf5 d4 38. h4 Na6 39. h5 Nxb4
40. axb4 a5 41. bxa5 b4 42. c7 Kd7 43. Ne7 1-0

[Event "18th HZ Open 2014"]
[Site "Vlissingen NED"]
[Date "2014.08.06"]
[Round "6.42"]
[White "Huijzer, Ja"]
[Black "Stolwijk, Colin"]
[Result "1/2-1/2"]
[WhiteElo "1969"]
[BlackElo "2164"]
[PlyCount "91"]
[EventDate "2014.08.02"]
[EventType "swiss"]
[EventRounds "9"]
[EventCountry "NED"]
[Source "Mark Crowther"]
[SourceDate "2014.08.11"]

1. e4 c6 2. d4 d5 3. Nc3 dxe4 4. Nxe4 Nf6 5. Nxf6+ gxf6 6. Be3 Bf5 7. Qd2 e6 8.
Ne2 Bd6 9. Ng3 Bg6 10. Be2 h5 11. Bd3 Bxd3 12. Qxd3 f5 13. Ne2 Qc7 14. g3 h4
15. O-O-O Na6 16. c3 hxg3 17. hxg3 O-O-O 18. Bg5 Be7 19. Bf4 Qa5 20. Kb1 Nc5
21. Qe3 Nd7 22. Nc1 Nb6 23. Qe2 Qd5 24. Rxh8 Rxh8 25. Nd3 Rh7 26. Re1 Nc4 27.
Ne5 Nd6 28. f3 Ne8 29. c4 Qxd4 30. Nxf7 Nc7 31. Be5 Qd7 32. Rd1 Qe8 33. Nd6+
Bxd6 34. Rxd6 Qe7 35. Qd1 Ne8 36. Rd2 Nf6 37. Qa4 a6 38. Qa5 Ne8 39. Qb6 Rh1+
40. Kc2 Re1 41. f4 Rh1 42. a3 Rh3 43. Rd3 Rh2+ 44. Kb3 Rh3 45. Ka2 Rh2 46. Qd4
1/2-1/2

[Event "18th HZ Open 2014"]
[Site "Vlissingen NED"]
[Date "2014.08.06"]
[Round "6.44"]
[White "Gieben, Stijn"]
[Black "Vanhuyse, Nele"]
[Result "1-0"]
[WhiteElo "2134"]
[BlackElo "1949"]
[PlyCount "57"]
[EventDate "2014.08.02"]
[EventType "swiss"]
[EventRounds "9"]
[EventCountry "NED"]
[Source "Mark Crowther"]
[SourceDate "2014.08.11"]

1. e4 c5 2. Nf3 e6 3. d4 cxd4 4. Nxd4 Nc6 5. Nc3 Qc7 6. Be3 a6 7. Be2 Bb4 8.
Nxc6 Qxc6 9. Qd4 Bxc3+ 10. bxc3 Nf6 11. e5 Nd5 12. c4 Nxe3 13. fxe3 Qxg2 14.
Kd2 g6 15. c5 Qc6 16. Rhf1 Rb8 17. Rab1 b5 18. cxb6 Bb7 19. Bf3 Qc8 20. Qd6
Bxf3 21. Rxf3 Rb7 22. Rf4 g5 23. Ra4 Qc6 24. Qxc6 dxc6 25. Rxa6 Kd7 26. Ra7
Rxa7 27. bxa7 Kc7 28. Rf1 Rf8 29. Rxf7+ 1-0

[Event "18th HZ Open 2014"]
[Site "Vlissingen NED"]
[Date "2014.08.06"]
[Round "6.45"]
[White "Den Hartog, Marijn"]
[Black "Lobersli, Henrik Oie"]
[Result "0-1"]
[WhiteElo "2102"]
[BlackElo "1839"]
[PlyCount "76"]
[EventDate "2014.08.02"]
[EventType "swiss"]
[EventRounds "9"]
[EventCountry "NED"]
[Source "Mark Crowther"]
[SourceDate "2014.08.11"]

1. c4 e5 2. g3 c6 3. d4 e4 4. d5 cxd5 5. cxd5 Nf6 6. Bg5 Bb4+ 7. Nc3 h6 8. Bxf6
Qxf6 9. Qb3 Bxc3+ 10. Qxc3 Qxc3+ 11. bxc3 O-O 12. Bg2 Re8 13. Rd1 Na6 14. Rd4
Nc5 15. Kd2 d6 16. h4 Bd7 17. Bh3 f5 18. Bg2 b5 19. Nh3 Rac8 20. Rc1 Na4 21. c4
b4 22. h5 Rb8 23. Rb1 a5 24. Nf4 Nc5 25. Kc2 a4 26. e3 a3 27. Ne6 Ba4+ 28. Kc1
Nd3+ 29. Rxd3 exd3 30. Bf1 Bc2 31. Ra1 Rec8 32. Kd2 Rxc4 33. Bxd3 Bxd3 34. Kxd3
Rbc8 35. Nd4 Rc1 36. Rxc1 Rxc1 37. Nb3 Rc3+ 38. Kd2 Rxb3 0-1

[Event "18th HZ Open 2014"]
[Site "Vlissingen NED"]
[Date "2014.08.06"]
[Round "6.46"]
[White "De Wilde, R."]
[Black "Polster, Christian"]
[Result "1-0"]
[WhiteElo "2101"]
[BlackElo "1772"]
[PlyCount "37"]
[EventDate "2014.08.02"]
[EventType "swiss"]
[EventRounds "9"]
[EventCountry "NED"]
[Source "Mark Crowther"]
[SourceDate "2014.08.11"]

1. e4 d6 2. d4 Nf6 3. Nc3 g6 4. Be2 Bg7 5. Be3 c6 6. Qd2 b5 7. a3 a6 8. Bh6
Bxh6 9. Qxh6 Nbd7 10. Nf3 Qc7 11. O-O Bb7 12. Ng5 Qb6 13. Rad1 e5 14. dxe5 dxe5
15. Rd6 Ke7 16. Rfd1 Raf8 17. Qg7 Ke8 18. Rxf6 Rhg8 19. Re6+ 1-0

[Event "18th HZ Open 2014"]
[Site "Vlissingen NED"]
[Date "2014.08.06"]
[Round "6.50"]
[White "Wuytens, Robin"]
[Black "Lentjes, N."]
[Result "0-1"]
[WhiteElo "1692"]
[BlackElo "2073"]
[PlyCount "106"]
[EventDate "2014.08.02"]
[EventType "swiss"]
[EventRounds "9"]
[EventCountry "NED"]
[Source "Mark Crowther"]
[SourceDate "2014.08.11"]

1. e4 c5 2. Nf3 d6 3. d4 cxd4 4. Nxd4 Nf6 5. Nc3 a6 6. f4 e5 7. Nb3 Nbd7 8. Qf3
Be7 9. Be2 b5 10. Be3 Bb7 11. O-O O-O 12. Rad1 Qc7 13. Nd5 Nxd5 14. exd5 f5 15.
c3 Kh8 16. Qh3 g6 17. Bf3 e4 18. Be2 Nf6 19. Bd4 Kg8 20. g4 Nxg4 21. Bxg4 fxg4
22. Qxg4 Rf5 23. Be3 Bf6 24. Nd4 Bxd4 25. Rxd4 Bxd5 26. Rfd1 Qf7 27. R1d2 g5
28. h4 h5 29. Qg2 g4 30. Kh2 Rc8 31. Kg3 Rf8 32. Qf1 Bc4 33. Qf2 d5 34. a3 Qb7
35. Rd1 a5 36. Rb1 Rb8 37. Qe1 b4 38. axb4 axb4 39. cxb4 Qxb4 40. Qxb4 Rxb4 41.
b3 Rf7 42. bxc4 Rxb1 43. cxd5 Rb3 44. Rxe4 Rf5 45. d6 Rd5 46. f5 Rxd6 47. Kf4
Kf7 48. Kg5 g3 49. Kxh5 g2 50. Bc5 Rd5 51. Ba7 Rg3 52. Rg4 Rxf5+ 53. Rg5 Rfxg5+
0-1

[Event "18th HZ Open 2014"]
[Site "Vlissingen NED"]
[Date "2014.08.07"]
[Round "7.1"]
[White "Ernst, S."]
[Black "Krasenkow, M."]
[Result "1/2-1/2"]
[WhiteElo "2566"]
[BlackElo "2628"]
[PlyCount "21"]
[EventDate "2014.08.02"]
[EventType "swiss"]
[EventRounds "9"]
[EventCountry "NED"]
[Source "Mark Crowther"]
[SourceDate "2014.08.11"]

1. d4 Nf6 2. c4 g6 3. Nc3 d5 4. cxd5 Nxd5 5. e4 Nxc3 6. bxc3 Bg7 7. Nf3 c5 8.
Be3 Qa5 9. Nd2 O-O 10. Nb3 Qxc3+ 11. Bd2 1/2-1/2

[Event "18th HZ Open 2014"]
[Site "Vlissingen NED"]
[Date "2014.08.07"]
[Round "7.2"]
[White "Fedorchuk, S."]
[Black "Van den Doel, E."]
[Result "1/2-1/2"]
[WhiteElo "2665"]
[BlackElo "2554"]
[PlyCount "82"]
[EventDate "2014.08.02"]
[EventType "swiss"]
[EventRounds "9"]
[EventCountry "NED"]
[Source "Mark Crowther"]
[SourceDate "2014.08.11"]

1. e4 e5 2. Nf3 Nc6 3. Bb5 a6 4. Ba4 Nf6 5. O-O Be7 6. Re1 b5 7. Bb3 O-O 8. a4
b4 9. d4 d6 10. dxe5 Nxe5 11. Nbd2 Nxf3+ 12. Qxf3 Bb7 13. Nf1 Nd7 14. Ne3 Ne5
15. Qd1 Bxe4 16. Qd4 Bg6 17. Qxb4 Bg5 18. Qc3 c6 19. Nc4 Nxc4 20. Qxc4 Bxc1 21.
Raxc1 Qb6 22. h4 d5 23. Qg4 h6 24. Re3 Rae8 25. Rce1 Re4 26. Rxe4 Bxe4 27. Re3
Qd4 28. c3 Qd2 29. Qe2 Qxe2 30. Rxe2 Rb8 31. Bd1 a5 32. f3 Bd3 33. Rd2 Bf5 34.
Kf2 Kf8 35. g4 Be6 36. Ke3 Ke7 37. Kf4 g6 38. Be2 f6 39. Bd3 g5+ 40. Kg3 Kd6
41. f4 Rb7 1/2-1/2

[Event "18th HZ Open 2014"]
[Site "Vlissingen NED"]
[Date "2014.08.07"]
[Round "7.3"]
[White "Ikonnikov, Vy"]
[Black "Verstraeten, R."]
[Result "1-0"]
[WhiteElo "2551"]
[BlackElo "2298"]
[PlyCount "59"]
[EventDate "2014.08.02"]
[EventType "swiss"]
[EventRounds "9"]
[EventCountry "NED"]
[Source "Mark Crowther"]
[SourceDate "2014.08.11"]

1. d4 g6 2. Nf3 Bg7 3. c4 d6 4. Nc3 Nc6 5. d5 Ne5 6. Nxe5 Bxe5 7. e4 Nf6 8. Bd3
O-O 9. Bg5 c6 10. Qd2 Bd7 11. O-O cxd5 12. exd5 a6 13. Ne2 Qb6 14. Rab1 Ng4 15.
h3 f6 16. Bh4 g5 17. hxg4 gxh4 18. Bf5 Bxf5 19. gxf5 Kh8 20. Kh1 Rg8 21. f4 Rg4
22. fxe5 dxe5 23. Rbc1 Rag8 24. c5 Qb5 25. Rf2 Qa4 26. b3 Qe8 27. c6 bxc6 28.
dxc6 Qh5 29. c7 h3 30. g3 1-0

[Event "18th HZ Open 2014"]
[Site "Vlissingen NED"]
[Date "2014.08.07"]
[Round "7.4"]
[White "Saravanan, V1."]
[Black "Hausrath, D."]
[Result "1/2-1/2"]
[WhiteElo "2320"]
[BlackElo "2530"]
[PlyCount "143"]
[EventDate "2014.08.02"]
[EventType "swiss"]
[EventRounds "9"]
[EventCountry "NED"]
[Source "Mark Crowther"]
[SourceDate "2014.08.11"]

1. Nf3 Nf6 2. c4 g6 3. Nc3 Bg7 4. e4 d6 5. d4 O-O 6. Be2 a5 7. O-O Na6 8. Re1
c6 9. Bf1 Nd7 10. Be3 e5 11. Qd2 exd4 12. Nxd4 Ne5 13. Rad1 Nc5 14. Nb3 Ne6 15.
Na4 Ng4 16. Bb6 Qh4 17. h3 Ne5 18. Be3 g5 19. f3 Nf4 20. Qf2 Qh5 21. Nd4 f5 22.
exf5 Bxf5 23. Bxf4 gxf4 24. Nxf5 Rxf5 25. Rxd6 Rg5 26. Kh1 Kh8 27. Nc3 Rg8 28.
Ne4 Rg6 29. Rxg6 Qxg6 30. Rd1 Qf5 31. Qh4 Ng6 32. Qg5 Qxg5 33. Nxg5 Bxb2 34.
Nf7+ Kg7 35. Nd6 b6 36. Bd3 Rd8 37. Bc2 Kf8 38. Rb1 Rxd6 39. Bxg6 hxg6 40. Rxb2
Rd4 41. Rxb6 Rxc4 42. Ra6 a4 43. Ra7 g5 44. Kh2 Ke8 45. h4 gxh4 46. Kh3 Kd8 47.
Kxh4 Kc8 48. g4 fxg3+ 49. Kxg3 Kb8 50. Ra5 Kc7 51. f4 Rc3+ 52. Kg4 Ra3 53. f5
Kd6 54. f6 Rxa2 55. Rf5 Rg2+ 56. Kf3 Rg8 57. f7 Rf8 58. Ke3 Ke6 59. Ra5 Rxf7
60. Rxa4 Kd5 61. Ra3 Kc4 62. Kd2 c5 63. Rh3 Kb4 64. Kc2 c4 65. Rg3 Rh7 66. Rf3
Rh4 67. Rg3 c3 68. Rg8 Rh2+ 69. Kc1 Rb2 70. Rb8+ Ka3 71. Rxb2 cxb2+ 72. Kb1
1/2-1/2

[Event "18th HZ Open 2014"]
[Site "Vlissingen NED"]
[Date "2014.08.07"]
[Round "7.5"]
[White "Pucher, S."]
[Black "Ponizil, C."]
[Result "0-1"]
[WhiteElo "2293"]
[BlackElo "2428"]
[PlyCount "90"]
[EventDate "2014.08.02"]
[EventType "swiss"]
[EventRounds "9"]
[EventCountry "NED"]
[Source "Mark Crowther"]
[SourceDate "2014.08.11"]

1. Nf3 Nf6 2. c4 g6 3. Nc3 d5 4. Qa4+ Bd7 5. Qb3 dxc4 6. Qxc4 Bg7 7. e4 a6 8.
d4 O-O 9. Be2 b5 10. Qb3 Nc6 11. e5 Be6 12. Qd1 Nd5 13. O-O Nxc3 14. bxc3 Na5
15. Nd2 c5 16. Nb3 Nxb3 17. axb3 Qb6 18. Be3 cxd4 19. Bxd4 Qc6 20. f4 Rfd8 21.
b4 Bd5 22. Bf3 e6 23. Bxd5 Rxd5 24. Qb3 Bf8 25. Ra5 Be7 26. Rfa1 Bd8 27. R5a2
Bb6 28. Rd2 a5 29. bxa5 Rxa5 30. Rxa5 Bxa5 31. Kf2 Bb6 32. Qb2 Bxd4+ 33. Rxd4
Rxd4 34. cxd4 Qc4 35. Qa1 Qc2+ 36. Kf3 Qd3+ 37. Kf2 Kg7 38. Qb2 h6 39. Qb4 g5
40. fxg5 hxg5 41. Qd6 Qd2+ 42. Kf1 b4 43. Qb6 Qd1+ 44. Kf2 b3 45. d5 Qd2+ 0-1

[Event "18th HZ Open 2014"]
[Site "Vlissingen NED"]
[Date "2014.08.07"]
[Round "7.6"]
[White "Dijkhuis, Tycho"]
[Black "Bu Xiangzhi"]
[Result "1/2-1/2"]
[WhiteElo "2327"]
[BlackElo "2707"]
[PlyCount "103"]
[EventDate "2014.08.02"]
[EventType "swiss"]
[EventRounds "9"]
[EventCountry "NED"]
[Source "Mark Crowther"]
[SourceDate "2014.08.11"]

1. e4 e5 2. Nf3 d6 3. d4 exd4 4. Qxd4 a6 5. Bg5 Nc6 6. Qd2 Be7 7. Nc3 Nf6 8.
O-O-O O-O 9. Bd3 Nb4 10. Rhe1 h6 11. Bh4 Be6 12. Kb1 c5 13. Bf1 Rc8 14. a3 Nc6
15. Nd5 Bxd5 16. exd5 Nxd5 17. Bxe7 Ncxe7 18. c4 Nf6 19. Qxd6 Qxd6 20. Rxd6 Nc6
21. Rd2 Rfd8 22. Rxd8+ Rxd8 23. h3 Ne4 24. Rxe4 Rd1+ 25. Kc2 Rxf1 26. Re2 f5
27. Kd3 Kf7 28. Ke3 Rb1 29. g4 Rh1 30. Kf4 Rxh3 31. Ne5+ Nxe5 32. Rxe5 fxg4 33.
Rxc5 Rb3 34. Rc7+ Kf6 35. Kxg4 Rxb2 36. f3 Ke5 37. Kg3 g5 38. Rh7 Kd4 39. Rxh6
Kxc4 40. Rg6 Kb3 41. Rxg5 Kxa3 42. f4 b5 43. f5 Re2 44. f6 Re8 45. Kf4 Kb3 46.
Kf5 b4 47. f7 Rf8 48. Ke6 Kc4 49. Ra5 Ra8 50. Ke5 Rf8 51. Ke6 Ra8 52. Ke5
1/2-1/2

[Event "18th HZ Open 2014"]
[Site "Vlissingen NED"]
[Date "2014.08.07"]
[Round "7.7"]
[White "Timmermans, M."]
[Black "Romanishin, O."]
[Result "1/2-1/2"]
[WhiteElo "2320"]
[BlackElo "2509"]
[PlyCount "67"]
[EventDate "2014.08.02"]
[EventType "swiss"]
[EventRounds "9"]
[EventCountry "NED"]
[Source "Mark Crowther"]
[SourceDate "2014.08.11"]

1. e4 c5 2. Nf3 e6 3. d4 cxd4 4. Nxd4 Nc6 5. Nc3 a6 6. Be3 Nf6 7. Be2 Bb4 8.
O-O O-O 9. Nxc6 bxc6 10. e5 Nd5 11. Bd4 d6 12. exd6 Bxd6 13. Ne4 e5 14. c4 exd4
15. cxd5 cxd5 16. Nxd6 Qxd6 17. Qxd4 Rb8 18. Rfd1 Be6 19. a3 a5 20. Rac1 Qb6
21. Rc2 Qxd4 22. Rxd4 Rfc8 23. Rxc8+ Rxc8 24. Kf1 Kf8 25. Bd1 Ke7 26. Ke2 Kd6
27. Ke3 g5 28. g3 Rc1 29. Kd2 Rb1 30. Kc2 Bf5+ 31. Kc3 Rc1+ 32. Kd2 Rb1 33. Kc3
Rc1+ 34. Kd2 1/2-1/2

[Event "18th HZ Open 2014"]
[Site "Vlissingen NED"]
[Date "2014.08.07"]
[Round "7.8"]
[White "Venkatesh, M."]
[Black "Sanders, I."]
[Result "1-0"]
[WhiteElo "2503"]
[BlackElo "2282"]
[PlyCount "51"]
[EventDate "2014.08.02"]
[EventType "swiss"]
[EventRounds "9"]
[EventCountry "NED"]
[Source "Mark Crowther"]
[SourceDate "2014.08.11"]

1. e4 e6 2. d3 d5 3. Nd2 c5 4. g3 Nc6 5. Ngf3 Nf6 6. Bg2 Be7 7. O-O O-O 8. Re1
Qc7 9. e5 Nd7 10. Qe2 Re8 11. c3 Rb8 12. Nf1 b5 13. Bf4 c4 14. d4 b4 15. Rec1
Qa5 16. h4 Nb6 17. Ne3 Bf8 18. Ng4 Na4 19. Qc2 Ne7 20. Nf6+ gxf6 21. exf6 Rb7
22. fxe7 Bxe7 23. Ne5 Bf8 24. cxb4 Qxb4 25. b3 f6 26. Ng4 1-0

[Event "18th HZ Open 2014"]
[Site "Vlissingen NED"]
[Date "2014.08.07"]
[Round "7.9"]
[White "Zwirs, Nico"]
[Black "Semcesen, D."]
[Result "1-0"]
[WhiteElo "2284"]
[BlackElo "2489"]
[PlyCount "143"]
[EventDate "2014.08.02"]
[EventType "swiss"]
[EventRounds "9"]
[EventCountry "NED"]
[Source "Mark Crowther"]
[SourceDate "2014.08.11"]

1. e4 e5 2. Nf3 Nc6 3. Bc4 g6 4. d4 exd4 5. Nxd4 Bg7 6. Nxc6 bxc6 7. Nc3 d6 8.
O-O Ne7 9. Bg5 O-O 10. f4 Kh8 11. Qe1 f6 12. Bh4 Bd7 13. Rd1 Qe8 14. Bf2 a5 15.
a4 Qb8 16. Bb3 Qb4 17. Rd4 Qb7 18. Rd3 Rae8 19. Qd2 Qb4 20. Rd4 Qb7 21. Rd3 Qb4
22. Rd4 Qb8 23. Rd3 Bc8 24. Re1 Qb4 25. Rd4 Qb8 26. Rd3 c5 27. Nd5 Ba6 28. Rc3
Bb7 29. Bc4 f5 30. Rb3 Qc8 31. Nxe7 Rxe7 32. e5 Qa8 33. Rb5 Bc6 34. Bh4 Ree8
35. e6 Bxb5 36. axb5 Bd4+ 37. Bf2 Bf6 38. Bd5 Qb8 39. Qxa5 Re7 40. c4 Bxb2 41.
Bh4 Bd4+ 42. Kf1 Bf6 43. Bxf6+ Rxf6 44. Qc3 Kg7 45. Ra1 Qf8 46. Ra8 Re8 47. Ra7
Re7 48. Qa5 Kh6 49. Rxc7 Qd8 50. b6 Rf8 51. Qa7 Rxc7 52. Qxc7 Qf6 53. Qxd6 Qa1+
54. Kf2 Qd4+ 55. Kg3 Ra8 56. Qe5 Ra3+ 57. Bf3 Qd1 58. Qxc5 Qe1+ 59. Kh3 Rxf3+
60. gxf3 Kh5 61. Kg2 Qxe6 62. b7 Qe8 63. Qb6 Qe2+ 64. Qf2 Qe8 65. Kh3 Kh6 66.
c5 Qb5 67. c6 Qb3 68. Qh4+ Kg7 69. Qe7+ Kh6 70. Kh4 Qg8 71. c7 Qh8 72. Qg5+ 1-0